000 01111nam0a22003011 4500
001 v19\rc\1938497
005 20251118180827.0
035 _a(NLR Aleph) 005025938
090 _a6639390
_c6639390
100 _a20080404d1912 u y0rusy50 ca
101 0 _arus
102 _aRU
105 _ay z |||||
200 1 _aХалва и рахат-лукум
_eПракт. руководство по приготовлению различн. сортов халвы и рахат-лукума
_fВ.Б. фон Цур-Милен
210 _aСанкт-Петербург
_cжурн. "Домаш. ремесленник"
_d1912
215 _a13 с.
_d21
225 1 _aБиблиотека опытной хозяйки
700 1 _aЦур-Милен
_bВ.Б. фон
_gВера Б. фон
790 1 _aЦур-Милен
_bВ.Б.
_gВера Б.
790 1 _aМилен
_bВ.Б.
_gВера Б.
801 0 _aRU
_bNLR
_gpsbo
801 0 _aRU
_bRuMoRGB
_2psbo
801 1 _aRU
_bProSoft-M
_2rusmarc
852 _aNLR
_j62-4/3291
899 _aRuMoRGB
_jU 269/495
899 _aRuMoRGB
_jU 484/621
942 _cBOOK
980 _aNB